KATSEYE - Paroles Internet Girl - Statistiques

Statistiques générales
  • Ce quiz a été pris 155 fois
  • Le résultat moyen est 283 sur 391
Statistiques - réponses
Hint Réponse % Correct
I
98%
girl
97%
In
97%
(In
97%
you
97%
you?
97%
you)
97%
Refrain Eat
96%
eat
96%
(Eat
96%
internet
95%
Oh,
94%
"Oh
94%
oh,
94%
ooh,
94%
the
92%
me?
91%
me
91%
zucchini,
91%
zucchini
91%
zucchini)
91%
(Zucchini),
91%
I’m
90%
Pré-refrain I'm
90%
her"
89%
Like
87%
of
87%
Intro Haven't
86%
Couplet 1 | Couplet 2 | Outro Haven't
86%
Do
85%
do
85%
do)
85%
emoji?
85%
heard?
85%
out
85%
a
84%
getting
84%
it
82%
It
82%
it,
82%
my
81%
go
80%
read
80%
What
80%
what
80%
(What
80%
here
78%
it's
77%
Pré-refrain It's
77%
word?
77%
(Word)
77%
Every
76%
God,
75%
picture
75%
is
73%
What's
70%
so
69%
so)
69%
be
60%
won't
59%
fault
57%
Yeah,
57%
your
57%
that
56%
always
55%
much,
55%
screen
54%
isn't
53%
turn
53%
too
52%
'cause
51%
('Cause
51%
fear
51%
just
51%
screenshot
51%
take
51%
all
50%
Got
49%
got
49%
got,
49%
better
48%
need
48%
on
48%
how
47%
never
47%
hot,
46%
know
45%
know)
45%
made
45%
mama
44%
Keep
43%
(Keep
43%
breathin'
42%
breathin'),
42%
Click
42%
click
42%
overrated
40%
might
38%
yes,
38%
feelings
36%
feelings),
36%
hate
35%
maybe,
34%
that's
33%
10
32%
10,
32%
not
32%
Nobody
27%
stop
26%
jealousy's
21%
And
18%
day,
18%
for
15%
this
14%
(Let's
6%
(Let’s
6%
(Let's—,
6%
let's
6%
(Let's—;
6%
break
5%
down)
5%
down;
5%
Aucun quiz correspondant
Distribution des résultats
% des personnes avec chaque résultat
Percentile par nombre de réponses
Votre historique - résultats
Vous n’avez pas pris ce quiz